MARC

LEADER 00000nas a2200000 a 4500
001 ssj0012577
003 WaSeSS
005 20200512172242.0
006 m d
007 cr n
008 940307d19942003oncbr p s 0 a0eng c
010 |a sn 94004825   |z cn 98390048  
015 |a 983900485  |2 can 
016 7 |a 2070212-7  |2 DE-600 
016 7 |a 9433337  |2 DNLM 
016 7 |a SR0080698  |2 DNLM 
016 7 |a 005461455  |2 Uk 
016 |a (AMICUS)000013677764 
022 |l 1075-0169  |y 1075-0169 
030 |a HWJOFJ 
032 |a 001786  |b USPS 
035 |a (WaSeSS)ssj0012577 
037 |b Healthy Living Institute, Rt. 2, Box 905, Hettinger, ND 58639 
040 |a NSD  |b eng  |c NSD  |d AGL  |d OCL  |d NLM  |d CAS  |d NLC  |d DLC  |d OCLCQ  |d NLM  |d NSD  |d CUS  |d OCLCQ  |d DEBBG  |d UKMGB  |d OCLCQ  |d OCLCF  |d OCLCQ  |d OCLCA  |d OCLCQ  |d OCLCA  |d AU@  |d WaSeSS 
042 |a nsdp  |a pcc  |a nlc 
050 1 4 |a RC628.O24 
060 0 0 |a W1  |b HE629 
070 0 |a RC628.O24 
072 0 |a X380 
072 0 |a T300 
082 1 0 |a 613  |2 12 
210 0 |a Healthy weight j. 
222 0 |a Healthy weight journal 
245 0 0 |a Healthy weight journal  |h [electronic resource]. 
260 |a Hettinger, ND :  |b Healthy Living Institute,  |c ©1994-©2003. 
310 |a Bimonthly 
362 0 |a Vol. 8, no. 3 (May/June 1994)-v. 17, no. 6 (Nov./Dec. 2003). 
500 |a Title from cover. 
500 |a Published: Hamilton, Ont. : Decker Periodicals, May/June 1997- 
506 |a License restrictions may limit access. 
650 0 |a Body weight  |v Periodicals. 
650 0 |a Metabolism  |x Disorders  |v Periodicals. 
650 0 |a Nutrition disorders  |v Periodicals. 
650 0 2 |a Obesity. 
650 0 2 |a Weight Gain. 
650 0 2 |a Weight Loss. 
650 0 2 |a Weight Perception. 
650 7 |a Body weight.  |2 fast  |0 (OCoLC)fst00835406 
650 7 |a Metabolism  |x Disorders.  |2 fast  |0 (OCoLC)fst01017476 
650 7 |a Nutrition disorders.  |2 fast  |0 (OCoLC)fst01042278 
655 0 |a Electronic journals. 
710 2 |a Healthy Living Institute. 
780 0 0 |t Obesity & health  |x 1044-1522  |w (DLC)sn 89000020  |w (OCoLC)19694960 
785 0 0 |t Health at every size  |x 1708-5926  |w (DLC) 2004243417  |w (OCoLC)54968967 
850 |a DNAL  |a DNLM 
856 4 0 |z Full text available from Research Library: 05/01/1994 to 11/30/1995  |u https://search.proquest.com/publication/44569